000 00327 a2200157 4500
001 47158
020 _a9788574066349
040 _cAnchieta - Aquarius
100 _aGuéry, Anne
240 1 0 _aAlfabarte
_lpor
245 1 0 _aAlfabarte
300 _a40
362 0 _a2014
650 4 _aLiteratura infanto-juvenil
942 _cBK
999 _c47158
_d47158